000 01147cam a2200289 4500
001 ABS63532
008 000000n2001 000 0 eng u
035 _a(Sirsi) u111240
100 _aBrewer, G.
245 _aTime limitation on claims
260 _c2001
490 _aContract Journal
_v407(6316) 25(1)
520 _aExamines limitations of time within which claims for breach of contract or negligence must be brought. Reviews "New Islington and Hackney Housing Association ltd v Pollard Thomas & Edwards Ltd" 2000 concerning the liability of the architect in either contract or tort for alleged defective design accrued at the date of practical completion at the latest. ITEM MISSING
590 _aABS
650 _aSOUND PROOFING
650 _aTIME LIMITS
650 _aSOUND INSULATION
650 _aFINAL CERTIFICATES
650 _aDEFECTS
650 _aNEW ISLINGTON AND HACKEY HOUSING ASSOCIATION V POLLARD THOMAS & EDWARDS
650 _aARCHITECTS
650 _aPROFESSIONAL NEGLIGENCE
650 _aLATENT DAMAGE
650 _aLIMITATIONS
690 _aBUILT ENVIRONMENT-BUILDING CONTRACT FORMS
942 _n0
999 _c66279
_d66279